| 000 | 00575nam a2200241Ia 4500 | ||
|---|---|---|---|
| 008 | 190123s9999 xx 000 0 und d | ||
| 020 | _a9780516244518 | ||
| 050 | _bS675 2003 | ||
| 100 | _aSnyder, Inez | ||
| 245 | 0 | _aMilk to ice cream / | |
| 245 | 0 | _cby Inez Snyder. | |
| 260 | _aNew York, New York : | ||
| 260 | _bScholastic, | ||
| 260 | _c2003 | ||
| 300 | _a24 pages : | ||
| 300 | _bcolored illustrations ; | ||
| 300 | _c15cm. | ||
| 440 | _aWelcome books. | ||
| 500 | _a360L | ||
| 650 | _aIce cream, ices, etc. | ||
| 700 | _aSeries. | ||
| 700 | _aTitle. | ||
| 999 |
_c360993 _d360993 |
||